000 00665cam a22002171 4500
001 sa 64006546
003 DLC
005 20260227112040.0
008 850515s1960 io f000 0 ind
010 _asa 64006546
035 _a(OCoLC)12039386
040 _aDLC
_cIDeKN
_dDLC
042 _apremarc
043 _aa-io---
050 0 0 _aDS644
_b.2 1960.S93
100 1 _aSoekarno,
_d1901-1970.
245 1 0 _aKomando kepada Angkatan 45 :
_bdiutjapkan pada pembukaan Musjawarah Besar Angkatan 45 Seluruh Indonesia, tanggal 15 Maret 1960.
260 _aDjakarta :
_bDepartemen Penerangan,
_c1960.
300 _a17 p. ;
_c21 cm.
440 0 _aPenerbitan chusus ;
_v98
999 _c59761
_d59761